Effectif Stade Rennais (2025-2026) - Statistiques

Statistiques générales
  • Ce quiz a été pris 30 fois
  • Le résultat moyen est 21 sur 31
Statistiques - réponses
Numéro Poste Nationalité Nom % Correct
30 G France Brice Samba
100%
9 BU France Esteban Lepaul
96%
4 MDC Finlande Glen Kamara
96%
11 AD Jordanie Mousa Al-Taamari
96%
7 BU Suisse Breel Embolo
92%
95 DD Pologne Przemyslaw Frankowski
92%
26 DG France Quentin Merlin
92%
21 MDC France Valentin Rongier
92%
10 AD France Ludovic Blas
88%
45 MC Gambie Mahdi Camara
88%
36 DD Ghana Alidu Seidu
84%
24 DC France Anthony Rouault
84%
- Coach France Franck Haise
84%
6 MDC France Djaoui Cissé
80%
97 DC France Jérémy Jacquet
80%
3 DC France Lilian Brassier
80%
48 DC Maroc Abdelhamid Aït Boudlal
76%
18 DG Cameroun Mahamadou Nagida
76%
17 MC Pologne Sebastian Szymanski
76%
70 AG France Arnaud Nordin
68%
77 BU Maroc Yassir Zabiri
68%
35 AD Equateur Elias Legendre
64%
50 G France Mathys Silistrie
60%
65 AD France Nordan Mukiele
56%
80 G France Ayoube Akabou
40%
71 AG France Lucas Rosier
32%
20 AG France Henrick Do Marcolino
28%
60 G Algérie Kilian Belazzoug
28%
74 MDC France Paolo Limon
16%
79 MDC France Chibuike Ugochukwu
12%
75 DD France Junior Ake
12%
Aucun quiz correspondant
Distribution des résultats
% des personnes avec chaque résultat
Percentile par nombre de réponses
Votre historique - résultats
Vous n’avez pas pris ce quiz